000 00882cam a22002294a 4500
005 20250605163958.0
008 250528s ||||||||||||||||||||||||d
035 _a15525
020 _a471938831
040 _aGR-AtMCL
_bgre
_dGR-AtMCL
_eAACR2
245 1 _aBusiness Process Reengineering / Breakpoint Strategies Dominance
260 _bJohn Wiley & Sons, Ltd,
_c1993
300 _a244
520 _aWhat is the New Thinking, Why the New Thinking, Understanding Processes, Putting the China Back Together, Searching for Breakpoints, The New Assets, Process Management in Large Businesses, Organizing and Managing for Success, A Final Word, Process Mapping, Index.
700 1 _aJohansson Henry J
_91471
700 1 _aMchugh Patrick
_91472
700 1 _aPendlebury John A
_91473
700 1 _aWheeler William A
_91474
942 _cBK
999 _c1101
_d1101